Kapitoly z brněnské dramaturgie /

Hlavní autor: Bundálek, Karel, 1919-1990
Jazyk: Čeština
Vydáno: Praha : Státní pedagogické nakladatelství, 1968
Edice: Spisy Janáčkovy akademie múzických umění ; 5
Externí odkaz: Digitalizovaný dokument
Fyzický popis: 137 s., obr. příl.
Language note: Ruské, německé a francouzské resumé
Knihy
Uloženo v:
LEADER 01671nam a22003612a 4500
001 000363779
003 CZ BrMZK
005 20210922073819.0
007 ta
008 980105s1968 xr f cze d
015 |a cnb000447722 
035 |a (OCoLC)42087782 
040 |a BOA001  |b cze 
041 0 |a cze  |b eng  |b fre  |b ger 
100 1 |a Bundálek, Karel,  |d 1919-1990  |7 jk01020267  |4 aut 
245 1 0 |a Kapitoly z brněnské dramaturgie /  |c Karel Bundálek 
260 |a Praha :  |b Státní pedagogické nakladatelství,  |c 1968 
300 |a 137 s., obr. příl. 
490 1 |a Spisy Janáčkovy akademie múzických umění ;  |v 5 
504 |a Obsahuje bibliografii 
546 |a Ruské, německé a francouzské resumé 
500 |a Dostupné též v digitální podobě v aplikaci Kramerius 
810 2 |a Janáčkova akademie múzických umění.  |t Spisy 
856 4 1 |u http://www.digitalniknihovna.cz/mzk/uuid/uuid:8d7a37b0-507b-11ed-8291-5ef3fc9bb22f  |y Digitalizovaný dokument  |x NDK 
910 |a BOA001  |b 2-0608.134  |b 2-0608.135  |b PK-0051.676 
920 |a 000322946 
990 |a BK 
991 |b 201308 
996 6 |b 2619005620  |c 2-0608.135  |l Sklad H1  |r Sklad / do 24 hodin  |n 0  |h HS212  |w 000363779  |u 000030  |a 1  |e BOA001  |j MZK50  |s P 
996 7 |b 2619785091  |c 2-0608.134  |l Sklad H1  |r Sklad / do 24 hodin  |n 19  |h HS212  |w 000363779  |u 000020  |a 1  |e BOA001  |j MZK50  |s A 
996 6 |b 2619825119  |c 2-0608.134  |l Sklad H1  |r Sklad / do 24 hodin  |n 20  |h HS212  |w 000363779  |u 000010  |a 1  |e BOA001  |j MZK50  |s P 
996 7 |b 3119804587  |c PK-0051.676  |l MZK  |r Sklad / do 1 hodiny  |n 19  |w 000363779  |u 000050  |a 1  |e BOA001  |j MZK50  |s A 
996 7 |b 3119928833  |c PK-0051.676  |l MZK  |r Sklad / do 1 hodiny  |n 43  |w 000363779  |u 000040  |a 1  |e BOA001  |j MZK50  |s A